A critical introduction to social research

A Critical Introduction to Social Research is the new, updated, and improved edition of A Short Introduction to Social Research. This book introduces students and researchers to the key ideas and issues that inform research practice. In it, Matt Henn, Mark Weinstein and Nick Foard provide a clear an...

Descrición completa

Gardado en:
Detalles Bibliográficos
Autor Principal: Henn, Matt
Formato: Libro
Idioma:Undetermined
Publicado: Los Angeles Sage 2009
Những chủ đề:
Các nhãn: Engadir etiqueta
Sen Etiquetas, Sexa o primeiro en etiquetar este rexistro!
Thư viện lưu trữ: Trung tâm Học liệu Trường Đại học Cần Thơ
LEADER 01276nam a2200205Ia 4500
001 CTU_170111
008 210402s9999 xx 000 0 und d
082 |a 300.72 
082 |b H515 
100 |a Henn, Matt 
245 2 |a A critical introduction to social research 
245 0 |c Matt Henn, Mark Weinstein and Nick Foard 
260 |a Los Angeles 
260 |b Sage 
260 |c 2009 
520 |a A Critical Introduction to Social Research is the new, updated, and improved edition of A Short Introduction to Social Research. This book introduces students and researchers to the key ideas and issues that inform research practice. In it, Matt Henn, Mark Weinstein and Nick Foard provide a clear and easy-to-understand route-map to help the reader plan their research project from beginning to end. This book is perfect for use on introductory methods courses and is also an invaluable guide for the first time researcher embarking on their own small-scale research project. The new Second Edition now features updated chapters which reflect recent debates and developments in the field. 
650 |a Social sciences,Khoa học Xã hội 
650 |x Research,Nghiên cứu 
904 |i Phỉ, Năm 
980 |a Trung tâm Học liệu Trường Đại học Cần Thơ